MARC details
| 001 - CONTROL NUMBER |
| control field |
23642762 |
| 003 - CONTROL NUMBER IDENTIFIER |
| control field |
0000 |
| 005 - DATE AND TIME OF LATEST TRANSACTION |
| control field |
20260313122258.0 |
| 008 - FIXED-LENGTH DATA ELEMENTS--GENERAL INFORMATION |
| fixed length control field |
240416s2018 stka b 001 0 eng |
| 010 ## - LIBRARY OF CONGRESS CONTROL NUMBER |
| LC control number |
2022303251 |
| 020 ## - INTERNATIONAL STANDARD BOOK NUMBER |
| International Standard Book Number |
9780323834605 |
| 035 ## - SYSTEM CONTROL NUMBER |
| System control number |
23642762 |
| 040 ## - CATALOGING SOURCE |
| Original cataloging agency |
DLC |
| Language of cataloging |
eng |
| Description conventions |
rda |
| Transcribing agency |
DLC |
| 042 ## - AUTHENTICATION CODE |
| Authentication code |
pcc |
| 050 00 - LIBRARY OF CONGRESS CALL NUMBER |
| Classification number |
RT 69 .W38 |
| 100 1# - MAIN ENTRY--PERSONAL NAME |
| Personal name |
Waugh, Anne, |
| Relator term |
author. |
| 245 10 - TITLE STATEMENT |
| Title |
Ross & Wilson anatomy and physiology in health and illness / |
| Statement of responsibility, etc |
Anne Waugh, BSc (Hons), MSc, CertEd, SRN, RNT, PFHEA, Former Senior Teaching Fellow and Senior Lecturer, School of Health and Social Care, Edinburgh Napier University, Edinburgh, UK, Allison Grant, BSc, PhD, FHEA, Lecturer, Department of Health and Life Sciences, Glasgow Caledonian University, Glasgow, UK ; illustrations by Richard Tibbitts, Antbits Limited. |
| 246 3# - VARYING FORM OF TITLE |
| Title proper/short title |
Ross and Wilson anatomy & physiology in health and illness |
| 250 ## - EDITION STATEMENT |
| Edition statement |
14th ed. |
| 264 #1 - PUBLICATION, DISTRIBUTION, ETC. (IMPRINT) |
| Place of publication, distribution, etc |
Edinburgh ; |
| -- |
New York : |
| Name of publisher, distributor, etc |
Elsevier, |
| Date of publication, distribution, etc |
2023 |
| 300 ## - PHYSICAL DESCRIPTION |
| Extent |
xi, 586p. ill. |
| 336 ## - CONTENT TYPE |
| Content type term |
text |
| Content type code |
txt |
| Source |
rdacontent |
| 337 ## - MEDIA TYPE |
| Media type term |
unmediated |
| Media type code |
n |
| Source |
rdamedia |
| 338 ## - CARRIER TYPE |
| Carrier type term |
volume |
| Carrier type code |
nc |
| Source |
rdacarrier |
| 504 ## - BIBLIOGRAPHY, ETC. NOTE |
| Bibliography, etc |
Includes bibliographical references (page 535) and index. |
| 650 #0 - SUBJECT ADDED ENTRY--TOPICAL TERM |
| Topical term or geographic name as entry element |
Human anatomy |
| Form subdivision |
Textbooks. |
| 650 #0 - SUBJECT ADDED ENTRY--TOPICAL TERM |
| Topical term or geographic name as entry element |
Human physiology |
| Form subdivision |
Textbooks. |
| 650 #0 - SUBJECT ADDED ENTRY--TOPICAL TERM |
| Topical term or geographic name as entry element |
Pathology |
| Form subdivision |
Textbooks. |
| 650 #0 - SUBJECT ADDED ENTRY--TOPICAL TERM |
| Topical term or geographic name as entry element |
Nursing |
| Form subdivision |
Textbooks. |
| 700 1# - ADDED ENTRY--PERSONAL NAME |
| Personal name |
Grant, Allison |
| Fuller form of name |
(Allison Wynn), |
| Dates associated with a name |
1961- |
| Relator term |
author. |
| 700 1# - ADDED ENTRY--PERSONAL NAME |
| Personal name |
Tibbitts, Richard, |
| Relator term |
illustrator. |
| 906 ## - LOCAL DATA ELEMENT F, LDF (RLIN) |
| a |
7 |
| b |
cbc |
| c |
orignew |
| d |
2 |
| e |
ncip |
| f |
20 |
| g |
y-gencatlg |
| 942 ## - ADDED ENTRY ELEMENTS (KOHA) |
| Source of classification or shelving scheme |
Library of Congress Classification |
| Koha item type |
Books |